Global strategy on invasive alien species / (Registro nro. 2603)

Detalles MARC
000 -CABECERA
Campo de control 00953nam a2200265 i 4500
005 - FECHA Y HORA DE LA ULTIMA TRANSACCION
Campo de control 20200104041534.0
008 - ELEMENTOS DE LONGITUD FIJA—INFORMACION GENERAL
Campo de control 140306s2001 -Uk||||| |||| 00| 0 eng d
040 ## - FUENTE DE CATALOGACIÓN
Agencia catalogadora original CO-BoIAVH
Agencia transcriptora CO-BoIAVH
041 ## - IDIOMA
Código de idioma para texto/pista de sonido o título separado Inglés
082 04 - NUMERO DE CLASIFICACION DECIMAL DEWEY
Número de clasificación 363.78
Número del ítem G56g
245 00 - MENCION DE TITULO
Título Global strategy on invasive alien species /
Mención de responsabilidad edited byJeffrey A. McNeely y (otros cuatro editores más).
260 ## - PUBLICACION, DISTRIBUCION, ETC. (PIE DE IMPRENTA)
Lugar de publicación, distribución, etc. Cambridge :
Nombre del editor, distribuidor, etc. IUCN. Global Invasive Species Programme,
Fecha de publicación, distribución, etc. 2001.
300 ## - DESCRIPCION FISICA
Extensión 50 páginas ;
Dimensiones 27 cm.
650 14 - ASIENTO SECUNDARIO DE MATERIA - TERMINO TEMATICO
Término temático o nombre geográfico como elemento de entrada Especies invasoras
9 (RLIN) 308
650 24 - ASIENTO SECUNDARIO DE MATERIA - TERMINO TEMATICO
Término temático o nombre geográfico como elemento de entrada Plagas naturalizadas
9 (RLIN) 1122
650 24 - ASIENTO SECUNDARIO DE MATERIA - TERMINO TEMATICO
Término temático o nombre geográfico como elemento de entrada Especies exóticas
9 (RLIN) 61791
650 26 - ASIENTO SECUNDARIO DE MATERIA - TERMINO TEMATICO
Término temático o nombre geográfico como elemento de entrada Manejo de especies invasoras
9 (RLIN) 5303
650 24 - ASIENTO SECUNDARIO DE MATERIA - TERMINO TEMATICO
Término temático o nombre geográfico como elemento de entrada Política ambiental
9 (RLIN) 61792
700 ## - ASIENTO SECUNDARIO - NOMBRE PERSONAL
Nombre personal Neville, Laurie E.,
Término de relación editor.
9 (RLIN) 16701
700 ## - ASIENTO SECUNDARIO - NOMBRE PERSONAL
Nombre personal Schei, Peter Johan,
Término de relación editor.
9 (RLIN) 7242
700 ## - ASIENTO SECUNDARIO - NOMBRE PERSONAL
Nombre personal Waage, Jeffrey K.,
Término de relación editor.
9 (RLIN) 16702
700 ## - ASIENTO SECUNDARIO - NOMBRE PERSONAL
9 (RLIN) 89
Nombre personal McNeely, Jeffrey A.
Término de relación editor.
700 ## - ASIENTO SECUNDARIO - NOMBRE PERSONAL
9 (RLIN) 87
Nombre personal Mooney, Harold A
Término de relación editor
942 ## - ELEMENTOS ADICIONALES (KOHA)
Tipo de ítem Libro
Sistema de clasificación Dewey Decimal Classification
Existencias
Withdrawn status Lost status Sistema de Clasificación Damaged status No para préstamo Colección Inventariado Ubicación Permanente Ubicación actual Fecha de adquisición Fuente de Valor Valor Total Checkouts Número topográfico Inventario / Código de Barras Date last seen Ejemplar Price effective from Forma de adquisición Tipo de material
    Dewey Decimal Classification     General Inventariado 2017 Bogotá Bogotá 17/05/2002 Instituto 39000.00   LB-363.78 G56g 006440 04/12/2012 Ej. 1 04/12/2012   Libro